[Event "94th FRA-ch Open A 2019"]
[Site "Chartres"]
[Date "2019.08.19"]
[Round "3.6"]
[White "Veron, Cyprien"]
[Black "Guignier, Nicolas"]
[Result "1/2-1/2"]
[WhiteElo "2012"]
[BlackElo "2151"]
[Annotator "NA"]
[PlyCount "84"]
[EventDate "2019.08.17"]
[EventType "swiss"]
[EventCountry "FRA"]
[SourceTitle "playchess.com"]
[Source "ChessBase"]
[SourceQuality "1"]
[TimeControl "40/5400+30:1800+30"]

1. Nf3 {[%emt 0:00:00]} Nf6 {[%emt 0:00:00]} 2. c4 {[%emt 0:00:00]} c5 {[%emt 0:00:00]} 3. d4 {[%emt 0:00:00]} cxd4 {[%emt 0:00:00]} 4. Nxd4 {[%emt 0:00:00]} e5 {[%emt 0:00:01]} 5. Nb5 {[%emt 0:00:00]} d5 {[%emt 0:00:09]} 6. cxd5 {[%emt 0:00:04]} Bc5 {[%emt 0:00:06]} 7. N5c3 {[%emt 0:00:30]} O-O {[%emt 0:00:15]} 8. g3 {[%emt 0:02:14]} Qb6 {[%emt 0:00:07]} 9. e3 {[%emt 0:00:39]} e4 {[%emt 0:00:12]} 10. Nd2 {[%emt 0:00:56]} Re8 {[%emt 0:32:28]} 11. Bg2 {[%emt 0:06:27]} Bg4 {[%emt 0:29:07]} 12. Qc2 {[%emt 0:14:55]} Na6 {[%emt 0:01:06]} 13. a3 {[%emt 0:02:37]} Rac8 {[%emt 0:00:51]} 14. O-O {[%emt 0:01:29]} Bf5 {[%emt 0:15:09]} 15. Qa4 {[%emt 0:17:53]} Bf8 {[%emt 0:02:02]} 16. h3 {[%emt 0:18:00]} Bg6 {[%emt 0:04:06]} 17. Kh2 {[%emt 0:09:59]} Nc5 {[%emt 0:01:22]} 18. Qd1 {[%emt 0:00:58]} h5 {[%emt 0:01:50]} 19. f4 {[%emt 0:01:38]} exf3 {[%emt 0:00:28]} 20. Bxf3 {[%emt 0:01:09]} Nd3 {[%emt 0:02:26]} 21. e4 {[%emt 0:04:42]} h4 {[%emt 0:00:38]} 22. gxh4 {[%emt 0:06:24]} Bd6+ {[%emt 0:01:26]} 23. Kg2 {[%emt 0:04:36]} Bb8 {[%emt 0:00:47]} 24. Bg4 {[%emt 0:02:05]} Qd6 {[%emt 0:01:04]} 25. Rf3 {[%emt 0:01:36]} Qh2+ {[%emt 0:04:35]} 26. Kf1 {[%emt 0:00:04]} Nxg4 {[%emt 0:02:01]} 27. hxg4 {[%emt 0:00:33]} Bg3 {[%emt 0:00:36]} 28. h5 {[%emt 0:02:10]} Rxc3 {[%emt 0:00:32]} 29. hxg6 {[%emt 0:01:01]} Nf4 {[%emt 0:00:32]} 30. gxf7+ {[%emt 0:01:09]} Kxf7 {[%emt 0:00:07]} 31. Rxf4+ {[%emt 0:00:10]} Bxf4 {[%emt 0:00:07]} 32. bxc3 {[%emt 0:00:09]} Qh1+ {[%emt 0:01:11]} 33. Ke2 {[%emt 0:00:06]} Qg2+ {[%emt 0:00:36]} 34. Kd3 {[%emt 0:00:52]} Bxd2 {[%emt 0:00:12]} 35. Qe2 {[%emt 0:00:14]} Qxe2+ {[%emt 0:00:39]} 36. Kxe2 {[%emt 0:00:07]} Bxc1 {[%emt 0:00:39]} 37. Rxc1 {[%emt 0:00:05]} Rxe4+ {[%emt 0:00:08]} 38. Kd3 {[%emt 0:02:35]} Rxg4 {[%emt 0:00:11]} 39. Re1 {[%emt 0:00:04]} b5 {[%emt 0:00:46]} 40. d6 {[%emt 0:00:26]} Rg6 {[%emt 0:00:41]} 41. Re7+ {[%emt 0:30:21]} Kf8 {[%emt 0:30:38]} 42. Rd7 {[%emt 0:00:00]} Kg8 {[%emt 0:01:09]} 1/2-1/2

[Event "94th FRA-ch Open A 2019"]
[Site "Chartres"]
[Date "2019.08.20"]
[Round "4.1"]
[White "Amoyal, Pierre"]
[Black "Meunier-Pion, Jean"]
[Result "1/2-1/2"]
[WhiteElo "2093"]
[BlackElo "2193"]
[Annotator "NA"]
[PlyCount "88"]
[EventDate "2019.08.17"]
[EventType "swiss"]
[EventCountry "FRA"]
[SourceTitle "playchess.com"]
[Source "ChessBase"]
[SourceQuality "1"]
[TimeControl "40/5400+30:1800+30"]

1. d4 {[%emt 0:02:35]} Nf6 {[%emt 0:00:00]} 2. c4 {[%emt 0:00:34]} g6 {[%emt 0:00:00]} 3. Nc3 {[%emt 0:00:26]} Bg7 {[%emt 0:00:00]} 4. e4 {[%emt 0:00:21]} d6 {[%emt 0:00:00]} 5. Nf3 {[%emt 0:00:36]} O-O {[%emt 0:00:00]} 6. Be2 {[%emt 0:01:17]} Bg4 {[%emt 0:00:00]} 7. O-O {[%emt 0:01:33]} Nfd7 {[%emt 0:00:05]} 8. Be3 {[%emt 0:05:32]} Nc6 {[%emt 0:00:23]} 9. Ne1 {[%emt 0:08:02]} Bxe2 {[%emt 0:00:50]} 10. Nxe2 {[%emt 0:00:10]} Na5 {[%emt 0:15:02]} 11. Rc1 {[%emt 0:06:40]} c5 {[%emt 0:00:08]} 12. Nd3 {[%emt 0:05:09]} Rc8 {[%emt 0:05:42]} 13. d5 {[%emt 0:01:44]} a6 {[%emt 0:05:35]} 14. Qa4 {[%emt 0:02:34]} b5 {[%emt 0:20:57]} 15. cxb5 {[%emt 0:01:31]} axb5 {[%emt 0:00:03]} 16. Qxb5 {[%emt 0:01:05]} Rb8 {[%emt 0:00:13]} 17. Qa4 {[%emt 0:00:10]} c4 {[%emt 0:18:31]} 18. Nb4 {[%emt 0:02:06]} Nc5 {[%emt 0:00:52]} 19. Bxc5 {[%emt 0:02:56]} dxc5 {[%emt 0:00:03]} 20. Nc6 Nxc6 {[%emt 0:00:30]} 21. dxc6 Rb4 {[%emt 0:00:30]} 22. Qa7 Qd6 {[%emt 0:00:30]} 23. Qa6 Bxb2 {[%emt 0:00:30]} 24. a3 Rbb8 {[%emt 0:00:30]} 25. Rfd1 Qc7 {[%emt 0:00:30]} 26. Rd7 Qc8 {[%emt 0:00:30]} 27. Qxc8 Rbxc8 {[%emt 0:00:30]} 28. Rxc4 Rxc6 {[%emt 0:00:30]} 29. a4 Rb8 {[%emt 0:00:30]} 30. g3 Rb4 {[%emt 0:00:30]} 31. Rxb4 cxb4 {[%emt 0:00:30]} 32. a5 Ra6 {[%emt 0:00:30]} 33. Rb7 Rxa5 {[%emt 0:00:30]} 34. Rxb4 Be5 {[%emt 0:00:30]} 35. f4 Bd6 {[%emt 0:00:30]} 36. Rc4 e5 {[%emt 0:00:30]} 37. f5 Be7 {[%emt 0:00:30]} 38. g4 Kg7 {[%emt 0:00:30]} 39. Kf2 Ra3 {[%emt 0:00:30]} 40. Rc3 Ra4 {[%emt 0:00:30]} 41. Kf3 h6 {[%emt 0:30:30]} 42. Rc6 Ra3+ {[%emt 0:00:30]} 43. Rc3 Ra2 {[%emt 0:00:30]} 44. Rc6 Ra3+ {[%emt 0:00:30]} 1/2-1/2

[Event "94th FRA-ch Open A 2019"]
[Site "Chartres"]
[Date "2019.08.20"]
[Round "4.2"]
[White "Burille, Matthieu"]
[Black "Mahieu, Luc"]
[Result "1-0"]
[WhiteElo "2174"]
[BlackElo "2084"]
[Annotator "NA"]
[PlyCount "65"]
[EventDate "2019.08.17"]
[EventType "swiss"]
[EventCountry "FRA"]
[SourceTitle "playchess.com"]
[Source "ChessBase"]
[SourceQuality "1"]
[TimeControl "40/5400+30:1800+30"]

1. e4 {[%emt 0:01:38]} c5 {[%emt 0:00:01]} 2. Nf3 {[%emt 0:00:08]} d6 {[%emt 0:00:09]} 3. d4 {[%emt 0:00:02]} cxd4 {[%emt 0:00:16]} 4. Nxd4 {[%emt 0:00:05]} Nf6 {[%emt 0:00:13]} 5. Nc3 {[%emt 0:00:03]} a6 {[%emt 0:00:09]} 6. h3 {[%emt 0:00:05]} e5 {[%emt 0:00:14]} 7. Nb3 {[%emt 0:00:04]} Be6 {[%emt 0:02:57]} 8. Be3 {[%emt 0:00:18]} Be7 {[%emt 0:02:22]} 9. g4 {[%emt 0:05:51]} d5 {[%emt 0:13:30]} 10. exd5 {[%emt 0:06:11]} Nxd5 {[%emt 0:00:09]} 11. Bg2 {[%emt 0:00:27]} Nxe3 {[%emt 0:03:08]} 12. Qxd8+ {[%emt 0:01:03]} Kxd8 {[%emt 0:04:21]} 13. fxe3 {[%emt 0:00:20]} Bh4+ {[%emt 0:01:07]} 14. Ke2 {[%emt 0:03:48]} Bc4+ {[%emt 0:03:56]} 15. Kf3 {[%emt 0:01:02]} Nc6 {[%emt 0:01:22]} 16. Nc5 {[%emt 0:01:49]} e4+ {[%emt 0:13:17]} 17. Kf4 {[%emt 0:03:38]} g5+ {[%emt 0:14:56]} 18. Kf5 {[%emt 0:03:53]} Re8 {[%emt 0:02:58]} 19. Kf6 {[%emt 0:38:03]} b6 {[%emt 0:04:33]} 20. Rad1+ {[%emt 0:15:11]} Kc7 {[%emt 0:01:43]} 21. Rd7+ {[%emt 0:10:53]} Kc8 {[%emt 0:00:12]} 22. Rd6 {[%emt 0:00:02]} Ne7 {[%emt 0:13:10]} 23. Nd7 {[%emt 0:04:57]} Ng8+ {[%emt 0:05:20]} 24. Kg7 {[%emt 0:00:16]} Kc7 {[%emt 0:02:36]} 25. Nxe4 {[%emt 0:01:34]} f5 {[%emt 0:01:42]} 26. Rc6+ {[%emt 0:01:02]} Kxd7 {[%emt 0:01:49]} 27. Nc5+ {[%emt 0:00:20]} bxc5 {[%emt 0:00:32]} 28. Rd1+ {[%emt 0:00:02]} Ke7 {[%emt 0:00:57]} 29. Rc7+ {[%emt 0:00:03]} Ke6 {[%emt 0:00:04]} 30. Rc6+ {[%emt 0:00:34]} Ke5 {[%emt 0:01:34]} 31. Rxc5+ {[%emt 0:00:12]} Ke6 {[%emt 0:00:00]} 32. gxf5+ {[%emt 0:00:34]} Ke7 {[%emt 0:00:51]} 33. Rc7# {[%emt 0:00:03]} 1-0

[Event "94th FRA-ch Open A 2019"]
[Site "Chartres"]
[Date "2019.08.20"]
[Round "4.3"]
[White "Fournier, Dimitri"]
[Black "Rivalin, Kenny"]
[Result "0-1"]
[WhiteElo "2034"]
[BlackElo "2184"]
[Annotator "NA"]
[PlyCount "104"]
[EventDate "2019.08.17"]
[EventType "swiss"]
[EventCountry "FRA"]
[SourceTitle "playchess.com"]
[Source "ChessBase"]
[SourceQuality "1"]
[TimeControl "40/5400+30:1800+30"]

1. e4 {[%emt 0:00:00]} c5 {[%emt 0:01:05]} 2. Nf3 {[%emt 0:00:00]} d6 {[%emt 0:00:08]} 3. Bb5+ {[%emt 0:00:00]} Nd7 {[%emt 0:00:11]} 4. O-O {[%emt 0:00:00]} a6 {[%emt 0:00:16]} 5. Bd3 {[%emt 0:00:00]} b5 {[%emt 0:00:24]} 6. c3 {[%emt 0:00:26]} Bb7 {[%emt 0:02:30]} 7. Bc2 {[%emt 0:00:43]} Ngf6 {[%emt 0:01:21]} 8. Re1 {[%emt 0:00:18]} c4 {[%emt 0:01:06]} 9. b3 {[%emt 0:03:28]} e6 {[%emt 0:05:31]} 10. bxc4 {[%emt 0:07:03]} bxc4 {[%emt 0:00:26]} 11. Na3 {[%emt 0:00:13]} Qc7 {[%emt 0:02:03]} 12. Qe2 {[%emt 0:12:53]} Rc8 {[%emt 0:01:11]} 13. Rb1 {[%emt 0:00:05]} Ba8 {[%emt 0:05:29]} 14. d4 {[%emt 0:12:30]} cxd3 {[%emt 0:01:58]} 15. Bxd3 {[%emt 0:04:49]} Nc5 {[%emt 0:01:39]} 16. Bxa6 {[%emt 0:01:13]} Nxa6 {[%emt 0:14:32]} 17. Qxa6 {[%emt 0:00:06]} Bxe4 {[%emt 0:01:28]} 18. Rb4 {[%emt 0:12:36]} Ra8 {[%emt 0:32:59]} 19. Qb5+ {[%emt 0:06:47]} Bc6 {[%emt 0:03:25]} 20. Rc4 {[%emt 0:16:19]} Rc8 {[%emt 0:01:11]} 21. Qa6 {[%emt 0:05:34]} Nd7 {[%emt 0:07:35]} 22. Nd4 {[%emt 0:07:42]} Nc5 {[%emt 0:05:09]} 23. Nab5 {[%emt 0:00:53]} Nxa6 {[%emt 0:03:12]} 24. Nxc7+ {[%emt 0:00:06]} Rxc7 {[%emt 0:00:08]} 25. Rxc6 {[%emt 0:00:20]} Rxc6 {[%emt 0:00:09]} 26. Nxc6 {[%emt 0:00:06]} Kd7 {[%emt 0:00:23]} 27. Nd4 {[%emt 0:02:30]} Be7 {[%emt 0:01:09]} 28. Ba3 {[%emt 0:02:32]} Rc8 {[%emt 0:00:33]} 29. Rc1 {[%emt 0:04:02]} Rc4 {[%emt 0:00:08]} 30. Kf1 {[%emt 0:00:18]} Bf6 {[%emt 0:03:52]} 31. Ke2 {[%emt 0:00:20]} Bxd4 {[%emt 0:02:36]} 32. cxd4 {[%emt 0:00:08]} Rxd4 {[%emt 0:00:06]} 33. Bb2 {[%emt 0:00:48]} Ra4 {[%emt 0:00:15]} 34. a3 {[%emt 0:00:51]} e5 {[%emt 0:00:08]} 35. g3 {[%emt 0:00:35]} Nc5 {[%emt 0:00:48]} 36. f3 {[%emt 0:00:56]} Ke6 {[%emt 0:00:10]} 37. Ke3 {[%emt 0:00:26]} f5 {[%emt 0:00:48]} 38. h3 {[%emt 0:00:47]} g5 {[%emt 0:00:53]} 39. Rc2 {[%emt 0:00:29]} f4+ {[%emt 0:00:59]} 40. gxf4 {[%emt 0:00:17]} Rxf4 {[%emt 0:01:12]} 41. Rg2 {[%emt 0:03:32]} h6 {[%emt 0:01:01]} 42. Rg4 {[%emt 0:00:57]} d5 {[%emt 0:06:16]} 43. Bc1 {[%emt 0:05:55]} Nb3 {[%emt 0:04:06]} 44. Bb2 {[%emt 0:00:18]} d4+ {[%emt 0:09:04]} 45. Kf2 {[%emt 0:00:54]} e4 {[%emt 0:02:13]} 46. Rxf4 {[%emt 0:05:17]} e3+ {[%emt 0:01:06]} 47. Ke2 {[%emt 0:01:18]} gxf4 {[%emt 0:00:05]} 48. a4 {[%emt 0:00:29]} Kd5 {[%emt 0:01:09]} 49. Ba3 {[%emt 0:00:15]} Kc4 {[%emt 0:03:42]} 50. Bd6 {[%emt 0:00:08]} d3+ {[%emt 0:00:05]} 51. Ke1 {[%emt 0:01:53]} d2+ {[%emt 0:00:09]} 52. Ke2 {[%emt 0:00:39]} Nd4+ {[%emt 0:00:29]} 0-1

[Event "94th FRA-ch Open A 2019"]
[Site "Chartres"]
[Date "2019.08.20"]
[Round "4.4"]
[White "Da Silva, Quentin"]
[Black "Deveque, Guillaume"]
[Result "1-0"]
[WhiteElo "2161"]
[BlackElo "2016"]
[Annotator "NA"]
[PlyCount "109"]
[EventDate "2019.08.17"]
[EventType "swiss"]
[EventCountry "FRA"]
[SourceTitle "playchess.com"]
[Source "ChessBase"]
[SourceQuality "1"]
[TimeControl "40/5400+30:1800+30"]

1. e4 {[%emt 0:00:00]} e6 {[%emt 0:00:00]} 2. d3 {[%emt 0:00:00]} d5 {[%emt 0:00:00]} 3. Qe2 {[%emt 0:00:00]} dxe4 {[%emt 0:00:00]} 4. dxe4 {[%emt 0:00:00]} e5 {[%emt 0:00:00]} 5. Nf3 {[%emt 0:00:10]} Nc6 {[%emt 0:00:08]} 6. Nbd2 {[%emt 0:00:31]} Nf6 {[%emt 0:00:14]} 7. c3 {[%emt 0:01:01]} g6 {[%emt 0:20:20]} 8. Nc4 {[%emt 0:10:21]} Qe7 {[%emt 0:00:19]} 9. Qc2 {[%emt 0:02:43]} h6 {[%emt 0:07:38]} 10. Be2 {[%emt 0:07:16]} Bg7 {[%emt 0:21:51]} 11. b3 {[%emt 0:04:00]} Bg4 {[%emt 0:09:29]} 12. Ba3 {[%emt 0:06:14]} Qe6 {[%emt 0:00:02]} 13. Rd1 {[%emt 0:03:24]} Bf8 {[%emt 0:05:26]} 14. Bc1 {[%emt 0:09:59]} Bg7 {[%emt 0:01:34]} 15. h3 {[%emt 0:01:58]} Bxf3 {[%emt 0:00:05]} 16. Bxf3 {[%emt 0:00:12]} O-O {[%emt 0:01:15]} 17. O-O {[%emt 0:01:00]} Rfd8 {[%emt 0:02:33]} 18. Ne3 {[%emt 0:05:01]} Ne7 {[%emt 0:03:07]} 19. Rd3 {[%emt 0:04:56]} c6 {[%emt 0:04:59]} 20. Rfd1 {[%emt 0:01:05]} Rxd3 {[%emt 0:00:08]} 21. Rxd3 {[%emt 0:03:32]} Nxe4 {[%emt 0:05:04]} 22. Bxe4 {[%emt 0:00:34]} f5 {[%emt 0:00:02]} 23. Qd2 {[%emt 0:08:44]} fxe4 {[%emt 0:02:51]} 24. Rd6 {[%emt 0:01:55]} Qf7 {[%emt 0:03:24]} 25. Rd7 {[%emt 0:02:10]} Qe6 {[%emt 0:02:37]} 26. Rxb7 {[%emt 0:03:28]} Nd5 {[%emt 0:01:38]} 27. Nxd5 {[%emt 0:00:54]} cxd5 {[%emt 0:00:05]} 28. Qe2 {[%emt 0:04:29]} Qc6 {[%emt 0:03:35]} 29. Qb5 {[%emt 0:02:14]} Rc8 {[%emt 0:00:02]} 30. Qxc6 {[%emt 0:01:02]} Rxc6 {[%emt 0:00:01]} 31. Bd2 {[%emt 0:01:00]} d4 {[%emt 0:04:31]} 32. c4 {[%emt 0:00:30]} Ra6 {[%emt 0:00:31]} 33. a4 {[%emt 0:00:52]} Bf8 {[%emt 0:00:54]} 34. Kf1 {[%emt 0:05:17]} Rf6 {[%emt 0:01:23]} 35. Ke2 {[%emt 0:01:37]} Bc5 {[%emt 0:01:02]} 36. Rb5 {[%emt 0:03:56]} d3+ {[%emt 0:00:14]} 37. Kd1 {[%emt 0:01:01]} Bxf2 {[%emt 0:00:20]} 38. Rxe5 {[%emt 0:00:48]} Bg3 {[%emt 0:00:55]} 39. Rxe4 {[%emt 0:00:57]} Rf1+ {[%emt 0:00:35]} 40. Be1 {[%emt 0:00:20]} Rg1 {[%emt 0:00:27]} 41. Kd2 {[%emt 0:34:09]} Rxg2+ {[%emt 0:30:09]} 42. Kxd3 {[%emt 0:00:57]} Bh2 {[%emt 0:00:00]} 43. c5 {[%emt 0:00:00]} Kf7 {[%emt 0:00:00]} 44. c6 {[%emt 0:00:00]} g5 {[%emt 0:00:00]} 45. Ba5 {[%emt 0:00:00]} Rg3+ {[%emt 0:00:00]} 46. Kc4 {[%emt 0:00:00]} Rg2 {[%emt 0:00:00]} 47. Kb5 {[%emt 0:00:00]} Rc2 {[%emt 0:00:00]} 48. Rc4 {[%emt 0:00:00]} Rxc4 {[%emt 0:00:00]} 49. bxc4 {[%emt 0:00:00]} Ke6 {[%emt 0:00:00]} 50. Ka6 {[%emt 0:00:00]} h5 {[%emt 0:00:00]} 51. Kb7 {[%emt 0:00:00]} g4 {[%emt 0:00:00]} 52. hxg4 {[%emt 0:00:00]} hxg4 {[%emt 0:00:00]} 53. c7 {[%emt 0:00:00]} Bxc7 {[%emt 0:00:00]} 54. Bxc7 {[%emt 0:00:00]} Kd7 {[%emt 0:00:00]} 55. c5 {[%emt 0:00:00]} 1-0

[Event "94th FRA-ch Open A 2019"]
[Site "Chartres"]
[Date "2019.08.20"]
[Round "4.5"]
[White "Grandy, Aurelien"]
[Black "Derige Kane, Yan"]
[Result "1/2-1/2"]
[WhiteElo "2032"]
[BlackElo "2156"]
[Annotator "NA"]
[PlyCount "72"]
[EventDate "2019.08.17"]
[EventType "swiss"]
[EventCountry "FRA"]
[SourceTitle "playchess.com"]
[Source "ChessBase"]
[SourceQuality "1"]
[TimeControl "40/5400+30:1800+30"]

1. e4 {[%emt 0:00:00]} c5 {[%emt 0:00:00]} 2. Nf3 {[%emt 0:00:00]} Nc6 {[%emt 0:00:00]} 3. Bb5 {[%emt 0:00:00]} g6 {[%emt 0:00:00]} 4. O-O {[%emt 0:00:01]} Bg7 {[%emt 0:00:05]} 5. Re1 {[%emt 0:00:14]} Nd4 {[%emt 0:05:14]} 6. Nxd4 {[%emt 0:04:41]} cxd4 {[%emt 0:00:54]} 7. d3 {[%emt 0:09:47]} a6 {[%emt 0:10:41]} 8. Bc4 {[%emt 0:00:28]} e6 {[%emt 0:00:05]} 9. a4 {[%emt 0:09:44]} Ne7 {[%emt 0:00:31]} 10. Bg5 {[%emt 0:01:24]} f6 {[%emt 0:13:09]} 11. Bc1 {[%emt 0:05:13]} O-O {[%emt 0:04:23]} 12. f4 {[%emt 0:02:00]} Rb8 {[%emt 0:03:14]} 13. Nd2 {[%emt 0:04:08]} b5 {[%emt 0:02:50]} 14. axb5 {[%emt 0:00:34]} axb5 {[%emt 0:00:05]} 15. Bb3 {[%emt 0:00:15]} Bb7 {[%emt 0:14:31]} 16. Nf3 {[%emt 0:01:42]} Qb6 {[%emt 0:00:27]} 17. Bd2 {[%emt 0:00:36]} Ra8 {[%emt 0:00:32]} 18. Qe2 {[%emt 0:01:00]} Rxa1 {[%emt 0:17:43]} 19. Rxa1 {[%emt 0:00:07]} Ra8 {[%emt 0:00:07]} 20. Re1 {[%emt 0:04:20]} f5 {[%emt 0:02:59]} 21. Bb4 {[%emt 0:16:29]} fxe4 {[%emt 0:04:46]} 22. Ng5 {[%emt 0:08:32]} Nc6 {[%emt 0:09:30]} 23. Bd6 {[%emt 0:03:41]} e3 {[%emt 0:03:05]} 24. Qg4 {[%emt 0:02:59]} Nd8 {[%emt 0:00:16]} 25. Be7 {[%emt 0:01:07]} Nf7 {[%emt 0:01:15]} 26. h4 {[%emt 0:10:16]} Nh6 {[%emt 0:00:53]} 27. Qh3 {[%emt 0:01:32]} b4 {[%emt 0:02:18]} 28. h5 {[%emt 0:00:51]} Re8 {[%emt 0:01:05]} 29. Bf6 {[%emt 0:02:27]} Rf8 {[%emt 0:02:27]} 30. Bxg7 {[%emt 0:02:42]} Kxg7 {[%emt 0:00:15]} 31. hxg6 {[%emt 0:02:42]} hxg6 {[%emt 0:00:35]} 32. Bxe6 {[%emt 0:02:23]} Rxf4 {[%emt 0:00:33]} 33. Bxd7 {[%emt 0:01:22]} Rf2 {[%emt 0:00:32]} 34. Ne6+ {[%emt 0:00:48]} Kh7 {[%emt 0:00:34]} 35. Ng5+ {[%emt 0:00:11]} Kg7 {[%emt 0:00:39]} 36. Ne6+ {[%emt 0:00:23]} Kh7 {[%emt 0:00:05]} 1/2-1/2

[Event "94th FRA-ch Open A 2019"]
[Site "Chartres"]
[Date "2019.08.20"]
[Round "4.6"]
[White "Guignier, Nicolas"]
[Black "Bleuzen, Erwan"]
[Result "1-0"]
[WhiteElo "2151"]
[BlackElo "2013"]
[Annotator "NA"]
[PlyCount "92"]
[EventDate "2019.08.17"]
[EventType "swiss"]
[EventCountry "FRA"]
[SourceTitle "playchess.com"]
[Source "ChessBase"]
[SourceQuality "1"]
[TimeControl "40/5400+30:1800+30"]

1. e4 {[%emt 0:04:42]} c5 {[%emt 0:00:00]} 2. c3 {[%emt 0:01:01]} Nf6 {[%emt 0:00:00]} 3. d3 {[%emt 0:00:06]} Nc6 {[%emt 0:02:26]} 4. f4 {[%emt 0:01:19]} d6 {[%emt 0:01:11]} 5. Nf3 {[%emt 0:01:59]} g6 {[%emt 0:01:05]} 6. a4 {[%emt 0:07:49]} Bg7 {[%emt 0:03:20]} 7. Na3 {[%emt 0:00:07]} O-O {[%emt 0:11:42]} 8. Be2 {[%emt 0:05:45]} e5 {[%emt 0:19:12]} 9. fxe5 {[%emt 0:03:20]} dxe5 {[%emt 0:00:15]} 10. O-O {[%emt 0:01:01]} Qe7 {[%emt 0:02:16]} 11. Nc4 {[%emt 0:24:35]} Ne8 {[%emt 0:04:19]} 12. a5 {[%emt 0:11:23]} Be6 {[%emt 0:01:06]} 13. Qa4 {[%emt 0:14:08]} Nc7 {[%emt 0:09:19]} 14. Be3 {[%emt 0:00:21]} f6 {[%emt 0:02:32]} 15. Nfd2 {[%emt 0:04:14]} Rfc8 {[%emt 0:06:44]} 16. Nb3 {[%emt 0:01:21]} Na6 {[%emt 0:00:02]} 17. Qb5 {[%emt 0:01:07]} Bf8 {[%emt 0:00:05]} 18. Rf2 {[%emt 0:00:57]} Rab8 {[%emt 0:01:50]} 19. g4 {[%emt 0:02:07]} Nc7 {[%emt 0:02:07]} 20. Qa4 {[%emt 0:00:50]} Na6 {[%emt 0:01:59]} 21. Raf1 {[%emt 0:00:20]} Bd7 {[%emt 0:00:55]} 22. Qa3 {[%emt 0:01:54]} Kg7 {[%emt 0:01:01]} 23. Rxf6 {[%emt 0:00:10]} Qxf6 {[%emt 0:00:05]} 24. Rxf6 {[%emt 0:02:43]} Kxf6 {[%emt 0:00:03]} 25. Nxc5 {[%emt 0:00:12]} Be6 {[%emt 0:03:38]} 26. b4 {[%emt 0:04:31]} Nxc5 {[%emt 0:01:31]} 27. bxc5 {[%emt 0:01:54]} Bxc4 {[%emt 0:01:42]} 28. dxc4 {[%emt 0:00:21]} a6 {[%emt 0:01:36]} 29. h4 {[%emt 0:00:40]} Nd8 {[%emt 0:06:23]} 30. g5+ {[%emt 0:02:11]} Kg7 {[%emt 0:03:12]} 31. Bg4 {[%emt 0:00:51]} Rc7 {[%emt 0:00:00]} 32. Qb4 {[%emt 0:00:30]} Re7 {[%emt 0:00:54]} 33. Qb6 {[%emt 0:00:31]} Nc6 {[%emt 0:00:03]} 34. h5 {[%emt 0:00:38]} Rd8 {[%emt 0:01:38]} 35. h6+ {[%emt 0:00:41]} Kf7 {[%emt 0:01:27]} 36. Qb1 {[%emt 0:01:00]} Rde8 {[%emt 0:02:29]} 37. Qd1 {[%emt 0:00:36]} Kg8 {[%emt 0:00:17]} 38. Qf3 {[%emt 0:00:33]} Rf7 {[%emt 0:01:04]} 39. Qh3 {[%emt 0:00:18]} Rfe7 {[%emt 0:03:38]} 40. Bd7 {[%emt 0:00:08]} Rb8 {[%emt 0:02:23]} 41. Be6+ {[%emt 0:02:56]} Kh8 {[%emt 0:00:28]} 42. Bd5 {[%emt 0:00:05]} Ree8 {[%emt 0:14:40]} 43. Bxc6 bxc6 44. Qd7 {[%emt 0:30:05]} Rbc8 45. Qb7 Be7 46. Qxa6 {[%emt 0:01:00]} Kg8 1-0

[Event "94th FRA-ch Open A 2019"]
[Site "Chartres"]
[Date "2019.08.21"]
[Round "5.1"]
[White "Meunier-Pion, Jean"]
[Black "Guignier, Nicolas"]
[Result "1/2-1/2"]
[WhiteElo "2193"]
[BlackElo "2151"]
[Annotator "NA"]
[PlyCount "92"]
[EventDate "2019.08.17"]
[EventType "swiss"]
[EventCountry "FRA"]
[SourceTitle "playchess.com"]
[Source "ChessBase"]
[SourceQuality "1"]
[TimeControl "40/5400+30:1800+30"]

1. e4 {[%emt 0:00:00]} Nf6 {[%emt 0:00:00]} 2. e5 {[%emt 0:00:00]} Nd5 {[%emt 0:00:00]} 3. d4 {[%emt 0:00:00]} d6 {[%emt 0:00:03]} 4. Be2 {[%emt 0:00:51]} dxe5 {[%emt 0:08:45]} 5. dxe5 {[%emt 0:00:04]} Nb4 {[%emt 0:01:15]} 6. Qxd8+ {[%emt 0:09:27]} Kxd8 {[%emt 0:00:06]} 7. Na3 {[%emt 0:00:14]} Bf5 {[%emt 0:01:41]} 8. Nf3 {[%emt 0:01:25]} Bxc2 {[%emt 0:05:35]} 9. O-O {[%emt 0:08:51]} e6 {[%emt 0:07:50]} 10. Bg5+ {[%emt 0:01:57]} Kc8 {[%emt 0:09:20]} 11. Nxc2 {[%emt 0:03:20]} Nxc2 {[%emt 0:00:06]} 12. Rad1 {[%emt 0:00:16]} Bc5 {[%emt 0:00:30]} 13. Rc1 {[%emt 0:19:58]} Nd4 {[%emt 0:00:18]} 14. Rxc5 {[%emt 0:01:40]} Nxe2+ {[%emt 0:00:05]} 15. Kh1 {[%emt 0:00:02]} h6 {[%emt 0:12:01]} 16. Be3 {[%emt 0:00:06]} g5 {[%emt 0:00:33]} 17. g3 {[%emt 0:00:21]} g4 {[%emt 0:02:37]} 18. Nd2 {[%emt 0:00:41]} Rd8 {[%emt 0:18:53]} 19. Rc4 {[%emt 0:00:22]} Nc6 {[%emt 0:03:28]} 20. Rxg4 {[%emt 0:00:11]} Ned4 {[%emt 0:01:49]} 21. Bxd4 {[%emt 0:25:14]} Nxd4 {[%emt 0:01:13]} 22. Nc4 {[%emt 0:00:04]} Nf5 {[%emt 0:02:10]} 23. Ne3 {[%emt 0:00:35]} Nxe3 {[%emt 0:18:58]} 24. fxe3 {[%emt 0:00:02]} b5 {[%emt 0:00:09]} 25. Rxf7 {[%emt 0:00:48]} Rd2 {[%emt 0:00:06]} 26. Rgg7 {[%emt 0:18:23]} Rc2 {[%emt 0:00:06]} 27. Kg1 {[%emt 0:00:15]} Kb7 {[%emt 0:00:06]} 28. Rf2 {[%emt 0:00:10]} Rxf2 {[%emt 0:02:50]} 29. Kxf2 {[%emt 0:00:01]} Kc6 {[%emt 0:02:53]} 30. Rg6 {[%emt 0:01:27]} Kd5 {[%emt 0:00:09]} 31. Rxh6 {[%emt 0:00:13]} c5 {[%emt 0:00:11]} 32. h4 {[%emt 0:02:16]} c4 {[%emt 0:00:18]} 33. e4+ {[%emt 0:02:22]} Kxe4 {[%emt 0:01:05]} 34. Rxe6 {[%emt 0:00:02]} Kd3 {[%emt 0:01:05]} 35. Rc6 {[%emt 0:04:13]} Rf8+ {[%emt 0:00:23]} 36. Kg2 {[%emt 0:00:23]} Kc2 {[%emt 0:00:29]} 37. a4 {[%emt 0:00:20]} Kxb2 {[%emt 0:00:26]} 38. axb5 {[%emt 0:00:06]} c3 {[%emt 0:00:09]} 39. b6 {[%emt 0:00:03]} a5 {[%emt 0:00:45]} 40. b7 {[%emt 0:00:17]} Rb8 {[%emt 0:00:55]} 41. Rb6+ {[%emt 0:30:44]} Ka3 {[%emt 0:04:08]} 42. e6 {[%emt 0:00:00]} c2 {[%emt 0:00:34]} 43. Rc6 {[%emt 0:00:00]} Kb2 {[%emt 0:00:23]} 44. Rb6+ {[%emt 0:00:00]} Ka2 {[%emt 0:01:27]} 45. Rc6 {[%emt 0:00:00]} Kb2 {[%emt 0:00:05]} 46. Rb6+ {[%emt 0:00:00]} Ka2 {[%emt 0:01:48]} 1/2-1/2